HUM SAY AHID LIA GIA (Record no. 573148)
[ view plain ]
| 000 -LEADER | |
|---|---|
| fixed length control field | 00250nam a22001097a 4500 |
| 082 ## - DEWEY DECIMAL CLASSIFICATION NUMBER | |
| Classification number | 0333 WAS |
| 100 ## - MAIN ENTRY--PERSONAL NAME | |
| Personal name | ZAFAR AHMED |
| 9 (RLIN) | 17357 |
| 245 ## - TITLE STATEMENT | |
| Title | HUM SAY AHID LIA GIA |
| 260 ## - PUBLICATION, DISTRIBUTION, ETC. | |
| Place of publication, distribution, etc. | KARACHI |
| Name of publisher, distributor, etc. | ADARAY-E-TALEEFAT |
| Date of publication, distribution, etc. | 2002 |
| 650 ## - SUBJECT ADDED ENTRY--TOPICAL TERM | |
| Topical term or geographic name entry element | URDU |
| 9 (RLIN) | 23367 |
| 942 ## - ADDED ENTRY ELEMENTS (KOHA) | |
| Koha item type | Book |
| Withdrawn status | Lost status | Damaged status | Not for loan | Permanent Location | Current Location | Shelving location | Date acquired | Total Checkouts | Full call number | Barcode | Date last seen | Price effective from | Koha item type |
|---|---|---|---|---|---|---|---|---|---|---|---|---|---|
| College of Electrical & Mechanical Engineering (CEME) | College of Electrical & Mechanical Engineering (CEME) | General Stacks | 07/27/2017 | 0333 WAS | CEME-36869 | 06/28/2021 | 06/28/2021 | Book |
